[Event "Titled Tuesday intern op 13th Aug Late"]
[Site "Chess.com INT"]
[Date "2024.08.13"]
[Round "5"]
[White "Torres, Yelfry"]
[Black "Zschiedrich, Heiko"]
[Result "1/2-1/2"]
[WhiteElo "2016"]
[BlackElo "2088"]
[PlyCount "147"]
[EventDate "2024.08.13"]
[EventType "swiss (blitz)"]
[EventRounds "11"]
[EventCountry "USA"]
[SourceTitle "EXT 2025"]
[Source "ChessBase"]
[SourceDate "2024.10.14"]
[SourceVersion "1"]
[SourceVersionDate "2024.10.14"]
[SourceQuality "1"]

1. c4 f5 2. g3 Nf6 3. Bg2 e6 4. Nc3 Bb4 5. Qb3 a5 6. a3 Bxc3 7. Qc2 Be5 8. f3 0-0 9. e3 c5 10. Ne2 Nc6 11. 0-0 Bd6 12. Rb1 Be7 13. d3 d5 14. Bd2 Kh8 15. f4 Bd7 16. Bf3 Rc8 17. Kh1 b6 18. Rg1 dxc4 19. Qxc4 Bd6 20. Bc3 Qe7 21. Rg2 e5 22. Rf2 e4 23. dxe4 Nxe4 24. Rg2 Be6 25. Qd3 Nxc3 26. Nxc3 Rfd8 27. Qc2 Bb8 28. Rbg1 Qf6 29. g4 fxg4 30. Bxg4 Bxg4 31. Rxg4 Rd7 32. Ne4 Qf5 33. Rg5 Qh3 34. Qf2 Re8 35. R5g3 Qf5 36. Ng5 h6 37. Nh3 Qe4+ 38. R1g2 Rd1+ 39. Ng1 Re7 40. h3 c4 41. Kh2 b5 42. Qe2 Rd3 43. Qh5 Rxe3 44. Rg6 Bxf4+ 45. Kh1 Bg5 46. R6xg5 Ne5 47. R5g3 Nf3 48. Rxf3 Rxf3 49. Qxf3 Qxf3 50. Nxf3 Re3 51. Nh4 Rxh3+ 52. Rh2 Rb3 53. Ng6+ Kh7 54. Ne7 b4 55. axb4 axb4 56. Nd5 c3 57. bxc3 bxc3 58. Rc2 Rb1+ 59. Kg2 Rb2 60. Ne3 Rxc2+ 61. Nxc2 Kg6 62. Kf3 Kh5 63. Ke3 g5 64. Kd3 Kh4 65. Kxc3 g4 66. Kd2 Kh3 67. Ke2 g3 68. Kf1 Kh2 69. Ne3 h5 70. Ng2 Kh3 71. Kg1 h4 72. Ne3 g2 73. Nxg2 Kg3 74. Nxh4 1/2-1/2

[Event "Titled Tuesday intern op 06th Aug Early"]
[Site "Chess.com INT"]
[Date "2024.08.06"]
[Round "6"]
[White "Rustamov, Rustam"]
[Black "Torres, Yelfry"]
[Result "1/2-1/2"]
[WhiteElo "2283"]
[BlackElo "2016"]
[PlyCount "67"]
[EventDate "2024.08.06"]
[EventType "swiss (blitz)"]
[EventRounds "11"]
[EventCountry "USA"]
[SourceTitle "EXT 2025"]
[Source "ChessBase"]
[SourceDate "2024.10.14"]
[SourceVersion "1"]
[SourceVersionDate "2024.10.14"]
[SourceQuality "1"]

1. e4 d6 2. d4 Nf6 3. Nc3 e5 4. Nge2 Nbd7 5. g3 Be7 6. Bg2 0-0 7. 0-0 c6 8. h3 b5 9. a3 Rb8 10. Be3 a5 11. b3 Ba6 12. Re1 Qc8 13. f4 b4 14. axb4 axb4 15. Na4 Re8 16. g4 exd4 17. Nxd4 Bf8 18. Bf2 g6 19. e5 Nd5 20. e6 fxe6 21. Nxe6 Rxe6 22. Bxd5 cxd5 23. Rxe6 Bb7 24. Re1 Bh6 25. Qd4 Qf8 26. Bg3 Bg7 27. Qd2 Bxa1 28. Rxa1 Nc5 29. Nxc5 dxc5 30. Re1 Re8 31. c3 bxc3 32. Qxc3 d4 33. Rxe8 Qxe8 34. Qd3 1/2-1/2

[Event "Titled Tuesday intern op 06th Aug Early"]
[Site "Chess.com INT"]
[Date "2024.08.06"]
[Round "10"]
[White "Torres, Yelfry"]
[Black "Domingo Nunez, Alejandro"]
[Result "0-1"]
[WhiteElo "2016"]
[BlackElo "2318"]
[PlyCount "68"]
[EventDate "2024.08.06"]
[EventType "swiss (blitz)"]
[EventRounds "11"]
[EventCountry "USA"]
[SourceTitle "EXT 2025"]
[Source "ChessBase"]
[SourceDate "2024.10.14"]
[SourceVersion "1"]
[SourceVersionDate "2024.10.14"]
[SourceQuality "1"]

1. c4 g6 2. g3 Bg7 3. Bg2 Nf6 4. Nc3 0-0 5. Nf3 d6 6. 0-0 Nbd7 7. d3 c5 8. Rb1 Rb8 9. a3 b6 10. b4 Bb7 11. b5 e6 12. Bg5 d5 13. Qc2 h6 14. Bxf6 Qxf6 15. Rfc1 Rfe8 16. a4 Rbd8 17. a5 d4 18. Na4 Ba8 19. axb6 axb6 20. Ra1 e5 21. Nd2 Qe6 22. Ra2 f5 23. Rca1 Bxg2 24. Kxg2 e4 25. Nf1 Nf6 26. Nb2 g5 27. Ra7 f4 28. Rb7 Bf8 29. Raa7 f3+ 30. exf3 exf3+ 31. Kxf3 Qh3 32. Nd1 g4+ 33. Kf4 Qh5 34. Rxb6 Qe5# 0-1

[Event "Titled Tuesday intern op 06th Aug Early"]
[Site "Chess.com INT"]
[Date "2024.08.06"]
[Round "4"]
[White "Torres, Yelfry"]
[Black "Mendes, Aaron Reeve"]
[Result "1-0"]
[WhiteElo "2016"]
[BlackElo "2314"]
[PlyCount "59"]
[EventDate "2024.08.06"]
[EventType "swiss (blitz)"]
[EventRounds "11"]
[EventCountry "USA"]
[SourceTitle "EXT 2025"]
[Source "ChessBase"]
[SourceDate "2024.10.14"]
[SourceVersion "1"]
[SourceVersionDate "2024.10.14"]
[SourceQuality "1"]

1. c4 c6 2. Nf3 d5 3. b3 Nf6 4. Bb2 Nbd7 5. g3 Qc7 6. d4 dxc4 7. bxc4 e5 8. e3 Bb4+ 9. Nbd2 exd4 10. exd4 0-0 11. Be2 c5 12. d5 b5 13. 0-0 bxc4 14. Nxc4 Nb6 15. d6 Qd8 16. Nfe5 Bh3 17. Bf3 Nxc4 18. Nxc4 Rb8 19. Bg2 Bxg2 20. Kxg2 Ba5 21. Bxf6 gxf6 22. Qg4+ Kh8 23. Qf5 Bc3 24. Rad1 Bd4 25. Rxd4 cxd4 26. Rd1 Rb4 27. Rxd4 Qa8+ 28. Kh3 Qc8 29. d7 Qd8 30. Rh4 1-0

[Event "Titled Tuesday intern op 06th Aug Early"]
[Site "Chess.com INT"]
[Date "2024.08.06"]
[Round "11"]
[White "Wyss, Jonas"]
[Black "Torres, Yelfry"]
[Result "0-1"]
[WhiteElo "2275"]
[BlackElo "2016"]
[PlyCount "70"]
[EventDate "2024.08.06"]
[EventType "swiss (blitz)"]
[EventRounds "11"]
[EventCountry "USA"]
[SourceTitle "EXT 2025"]
[Source "ChessBase"]
[SourceDate "2024.10.14"]
[SourceVersion "1"]
[SourceVersionDate "2024.10.14"]
[SourceQuality "1"]

1. e4 d6 2. d4 Nf6 3. Nc3 Nbd7 4. Nf3 e5 5. Bc4 Be7 6. 0-0 0-0 7. Re1 c6 8. a4 h6 9. Ba2 b6 10. Qe2 a6 11. Rd1 Qc7 12. Nh4 exd4 13. Rxd4 Nc5 14. Ng6 Re8 15. Nxe7+ Rxe7 16. f3 Be6 17. Bxe6 Nxe6 18. Rd1 a5 19. Be3 Rd8 20. Qf2 Rb8 21. Rd2 b5 22. axb5 cxb5 23. Rad1 b4 24. Nd5 Nxd5 25. Rxd5 Rc8 26. R1d2 b3 27. c3 a4 28. Rxd6 a3 29. bxa3 b2 30. Qe1 Qxc3 31. Rd1 Rb7 32. Qxc3 Rxc3 33. Bd4 Nxd4 34. R6xd4 b1Q 35. Rd8+ Kh7 0-1